|
|
|
|
| LEADER |
01414nam a2200325Ia 4500 |
| 001 |
9781134961856 |
| 003 |
FlBoTFG |
| 005 |
20100930121849.0 |
| 006 |
a|||||s||||||||||| |
| 007 |
cr|||| |
| 008 |
100315s1993 enka sb 001 0 eng d |
| 020 |
|
|
|a 9780203423639 (e-book : PDF)
|
| 040 |
|
|
|a FlBoTFG
|c FlBoTFG
|d GrThAP
|
| 043 |
|
|
|a e-gr---
|
| 090 |
|
|
|a U33
|b .H66 1993
|
| 092 |
|
|
|a 355.00938
|b H797
|
| 245 |
0 |
0 |
|a Hoplites
|h [electronic resource] :
|b the classical Greek battle experience /
|c edited by Victor Davis Hanson.
|
| 260 |
|
|
|a London ;
|a New York :
|b Routledge,
|c 1993.
|
| 300 |
|
|
|a xvi, 286 p. :
|b ill. ;
|c [ca. 23-29] cm.
|
| 504 |
|
|
|a Includes bibliographical references (p. 257-262) and index.
|
| 505 |
0 |
|
|a pt. 1. Introduction -- pt. 2. The men and their equipment -- pt. 3. The environment of battle -- pt. 4. The rules of the game : hoplite tradition and practice -- pt. 5. Epilogue.
|
| 530 |
|
|
|a Also available in print edition.
|
| 533 |
|
|
|a Electronic reproduction.
|b [London, Eng. :
|b Taylor and Francis,
|d 2010].
|n PDF file created from digital scan of print book.
|
| 650 |
|
0 |
|a Military art and science
|z Greece
|x History
|y To 1500.
|
| 651 |
|
0 |
|a Greece
|x History, Military
|y To 146 B.C.
|
| 655 |
|
7 |
|a Electronic books.
|2 lcsh
|
| 700 |
1 |
|
|a Hanson, Victor Davis.
|
| 776 |
1 |
|
|z 9780415098168
|
| 776 |
1 |
|
|z 0415098165
|
| 856 |
4 |
0 |
|u http://www.tandfebooks.com/isbn/9780203423639
|z Full Text via HEAL-Link
|